| 000 | 00633nam a22001815i 4500 | ||
|---|---|---|---|
| 001 | 175570 | ||
| 003 | ES-MaACL | ||
| 005 | 20230906215845.0 | ||
| 008 | 101108s1991 sp |||| | spa d | ||
| 080 | _a821.134.2 Más, José 1.06 | ||
| 100 | 1 |
_aLinage Conde, Antonio. _972322 |
|
| 245 | 1 | 3 |
_aLa Costa de la Muerte en la novela olvidada de un sevillano / _cpor Antonio Linage Conde. |
| 260 |
_aPontevedra : _bMuseo de Pontevedra, _c[1991] |
||
| 300 |
_aP. 745-753 ; _c21 cm. |
||
| 595 | _aSeparata de: El Museo de Pontevedra, t. 45. | ||
| 600 | 1 | 4 |
_aMás, José- _xCrítica e interpretacion. _9143858 |
| 852 |
_aES-MaACL _j2303-F-2 |
||
| 999 |
_c175570 _d175570 |
||